| 000 | 00510nam a22001937a 4500 | ||
|---|---|---|---|
| 999 |
_c2809 _d2809 |
||
| 003 | OSt | ||
| 005 | 20230822104740.0 | ||
| 008 | 230822b ||||| |||| 00| 0 eng d | ||
| 020 | _a9781337277167 | ||
| 040 | _cKH8 | ||
| 082 | _a400 NAT | ||
| 110 |
_aNational Geographic Learning _ePublisher |
||
| 245 | _aPerspectives Pre-intermediate | ||
| 260 |
_bHeinle ELT; _c2017. |
||
| 300 | _c8.2 x 0.5 x 11.6 inches. | ||
| 650 |
_aEnglish _vSecond language |
||
| 650 |
_aEnglish _vForeign language |
||
| 942 |
_2ddc _cTR |
||